O ohyzdnej babe a smradľavom dedovi

Bibliographic Details
Main Authors: Žilková, Marta, 1942- (Author), Dahl, Roald, 1916-1990 (Author)
Format: Article
Language:Slovak
Subjects:

MARC

LEADER 00000nab a2200000 a 4500
001 vtls000585130
003 SK-MaSNL
005 20260303191144.0
008 120930c1996 xo 0 slo
015 |a SNBRB19rr/mm-uuuuu 
035 |a CL0585269 
040 |a SNKBUCL  |b slo  |c SNKBUCL  |e AACR2 
041 0 |a slo 
044 |a xo  |c SK 
080 |a 82.09:820-3(087.5)(048)  |2 1981 
080 |a 820-3(087.5)(048)  |2 1981 
100 1 |a Žilková, Marta,  |d 1942-  |4 aut  |9 88073 
245 1 0 |a O ohyzdnej babe a smradľavom dedovi  |c Marta Žilková 
650 0 7 |a rozprávky autorské  |2 snkbucl  |9 315429 
655 7 |a články z novín a časopisov  |2 snkbucl  |9 267496 
655 7 |a články z odboru literárna veda a krásna literatúra  |2 snkbucl  |9 770045 
700 1 |a Dahl, Roald,  |d 1916-1990  |4 aut  |9 101662 
773 0 |t Národná obroda  |g Roč. 7, č. 123 (28. 5. 1996), s. 10 
787 0 8 |i Rec.:  |a Dahl, Roald  |t Hastrošovci  |d Nitra : ENIGMA, 1996 
850 |a Slovenská národná knižnica v Martine  |a MTA001 
852 |a SNK  |b KIS3GCP 
958 |a RK 
958 |a LX 
992 |a RBX 
999 |c 2139644  |d 2141574